000 00594nam a2200169 a 4500
001 000036084
005 20200930074849.0
008 111129s2005 dr ac 000 0 spa d
040 _aDO-SdBNP
_bspa
_cBNPHU
082 _axxxx
_bC965c
245 0 0 _aCuerpo a cuerpo /
_ccoordinación Luis Molina ...[et al.].
260 _aSanto Domingo :
_bCentro Cultural de España,
_c2005.
300 _a63 p. :
_bil., retr. ;
_c25 cm.
500 _aExposición del 13 de julio al 10 de septiembre 2005 en el Centro Cultural de España
504 _aBibliografía : p.61
700 1 _aMolina, Luis
_ecood.
_962117
999 _c35575
_d35575